banner-ar

صحراء مصر الغربية : (Record no. 63787)

MARC details
000 -الفاتح
حقل البيانات ثابتة الطول 01521nam a22003377a 4500
005 - وقت وتاريخ اخر تعامل مع التسجيلة
رقم الضبط 20240530110658.0
008 - عناصر البيانات ثابتة الطول - معلومات عامة
حقل البيانات ثابتة الطول 171225s2015 ua a g b 000 0dara d
017 ## - رقم الايداع القانونى
رقم الايداع القانونى 2014/20431
المصدر ( الهيئة المختصة) مصر. دار الكتب
020 ## - الرقم الدولى المعيارى للكتب
الرقم الدولى المعيارى للكتاب 9789777189026
040 ## - مصدر الفهرسة
وكالة الفهرسة الأصلية EG-CaGPL
وكالة النسخ EG-CaGPL
082 04 - رقم تصنيف ديوى العشرى
رقم الطبعة 21
رقم التصنيف 916.227
رقم المادة ق/ف ص
100 1# - المدخل الرئيسى - إسم شخصى
الإسم الشخصى فيفيان ، كاساندرا
245 10 - بيان العنوان
العنوان صحراء مصر الغربية :
بقية العنوان دليل مختصر للمستكشف /
بيان المسئوليه,etc تأليف كاساندا فيفيان ؛ الخرائط والرسوم التوضيحية فيفيين جروفز ، ليلى بنك بروك ، علا سيف ؛ ترجمة محمد صبرى محسوب سليم .
250 ## - بيان الطبعة
بيان الطبعة ط.1
260 ## - PUBLICATION, DISTRIBUTION, ETC. (IMPRINT)
تاريخ النشر أو التوزيع 2015 .
300 ## - الوصف المادى
التعداد 998 ص. :
تفاصيل ماديه اخرى للوعاء صور لو ؛
أبعاد الوعاء 24 سم.
490 ## - بيان السلسلة
عنوان السلسلة المركز القومى للترجمة ؛
رقم المجلد/ التعيين التسلسلي 2117
650 07 - المدخل الاضافى بالموضوع-مصطلح موضوعى
مصدر الرأس أو المصطلح qrmak
مصطلح موضوعي الصحراء الغربية
التقسيم الفرعي العام ادلة
التقسيم الفرعي الجغرافي مصر
650 07 - المدخل الاضافى بالموضوع-مصطلح موضوعى
مصدر الرأس أو المصطلح qrmak
مصطلح موضوعي واحة الداخلة
650 07 - المدخل الاضافى بالموضوع-مصطلح موضوعى
مصدر الرأس أو المصطلح qrmak
مصطلح موضوعي واحة الفرافرة
650 07 - المدخل الاضافى بالموضوع-مصطلح موضوعى
مصدر الرأس أو المصطلح qrmak
مصطلح موضوعي صحراء درب الاربعين
650 07 - المدخل الاضافى بالموضوع-مصطلح موضوعى
مصدر الرأس أو المصطلح qrmak
مصطلح موضوعي صحراء العوينات
650 07 - المدخل الاضافى بالموضوع-مصطلح موضوعى
مصدر الرأس أو المصطلح qrmak
مصطلح موضوعي الواحة البحرية
651 ## - المدخل الاضافى بالموضوع - اسم جغرافى
مصدر الرأس أو المصطلح qrmak
700 0# - المدخل الاضافى - اسم شخصى
الإسم الشخصى محمد صبرى محسوب سليم
الدور مترجم
700 0# - المدخل الاضافى - اسم شخصى
الإسم الشخصى فيفيين جروفز
الدور رسام
700 0# - المدخل الاضافى - اسم شخصى
الإسم الشخصى ليلى بنك بروك
الدور رسام
700 0# - المدخل الاضافى - اسم شخصى
الإسم الشخصى علا سيف
الدور رسام
942 ## - عناصر المدخل الإضافي( كوها)
مصدر التصنيف او مخطط الترفيف Dewey Decimal Classification
Koha [default] item type كتاب
260 ## - PUBLICATION, DISTRIBUTION, ETC. (IMPRINT)
-- القاهرة :
-- المركز القومى للترجمة ،
Holdings
حالة التراجع حالة الفقد حالة تلف ليس للاعارة المكان المؤقت الموقع الحالى موقع الترفيف تاريخ الاكتساب اجمالي اﻻعارات رقم الطلب الباركود تاريخ اخر مشاهدة تاريخ تفعيل السعر نوع وعاء كوها
        مكتبة القاهرة الكبرى مكتبة القاهرة الكبرى   12/26/2017   916.227 ق/ف ص 163898 12/26/2017 12/26/2017 كتاب

Powered By

EGPV